00794nam a2200229 i 4500003000900000005001700009008004100026040004300067041000800110082002200118100003200140245005500172264004500227300004100272336002200313337002400335338003300359504005500392546002000447650003900467856005800506EG-GICUC20260121101224.0251116s1964 ii adkjf |||| 001 0 eng d aEG-GiCUCbengcEG-GiCUCdEG-GiCUCerda0 aeng04221a338.9bRA . E1 aRao , V. K. R. V. eAuthor.10aEssays In Economic Development /cV. K. R. V. Rao. 1aBombay :bAsia Publishing House,c1964. a333 pages :billustrations ,c24 cm. 2rda contentatext 2rda mediaaComputer 2rda carrieraOnline Resource aIncludes bibliographical references and index.  aText in English14aPublic finance and tax legislation40uhttps://fll.law.cu.edu.eg/fulltext/bks/B13-076258.pdf